Simba crece / (Registro nro. 6474)

Detalles MARC
000 -CABECERA
campo de control de longitud fija 01074nam a22002657a 4500
008 - CÓDIGOS DE INFORMACIÓN DE LONGITUD FIJA
fixed length control field 200210s2011 ck a||||r|||| 00| 1 spa d
020 ## - NÚMERO INTERNACIONAL NORMALIZADO PARA LIBROS
ISBN 9789584536631
040 ## - Fuente de catalogación
Agencia original de catalogación CO-JMCR
Agencia de transcripción CO-JMCR
041 1# - CÓDIGO DE LENGUA
Código idioma spa
Language code of original eng
082 ## - NÚMERO DE LA CLASIFICACIÓN DECIMAL DEWEY
Número de clasificación Decimal C /
Número de documento (Cutter) LOEs
100 1# - PUNTO DE ACCESO PRINCIPAL-NOMBRE DE PERSONA
Nombre personal Loeber Suárez, Andrea,
Término de función/relación autor
9 (RLIN) 366
245 1# - TÍTULO PROPIAMENTE DICHO
Título Simba crece /
Mención de responsabilidad, etc. Andrea Loeber Suárez
260 ## - PUBLICACIÓN, DISTRIBUCIÓN, ETC. (PIE DE IMPRENTA)
Lugar de publicación, distribución, etc. Bogotá ; Barcelona :
Nombre del editor, distribuidor, etc. Norma,
Fecha de publicación, distribución, etc. 2011
300 ## - DESCRIPCIÓN FÍSICA
Extensión 24 páginas :
Otros detalles físicos ilustraciones a color ;
Dimensiones 22 cm.
440 ## - SERIES
Titulo Leyendo con Disney. Educativos
9 (RLIN) 367
500 ## - NOTA GENERAL
Nota general Título en inglés : Simba Grows Up.
500 ## - NOTA GENERAL
Nota general Material en Español e Inglés.
520 ## - RESUMEN, ETC.
Resumen,etc. Siendo cachorro, Simba deja su tierra natal cuando su malvado tío toma el control como rey. Años después, Simba se encuentra con una vieja amiga, juntos regresan a casa para reclamar el derecho de Simba de ser rey.
521 ## - TARGET AUDIENCE NOTE
Target audience note Más de 5.
Source Tomado de tapa frontal.
546 1# - LANGUAGE NOTE
Language note Traducido de inglés
Information code or alphabet eng
650 14 - TÉRMINO DE MATERIA
9 (RLIN) 368
650 14 - TÉRMINO DE MATERIA
9 (RLIN) 369
Existencias
Withdrawn status Lost status Source of classification or shelving scheme Damaged status Not for loan Home library Current library Shelving location Date acquired Source of acquisition Cost, normal purchase price Total Checkouts Full call number Barcode Date last seen Date last checked out Copy number Price effective from Koha item type
    Dewey Decimal Classification     Biblioteca Pública José María del Castillo y Rada Biblioteca Pública José María del Castillo y Rada Processing Center 12/19/2019 Donación 0.00 7 C / LOEs 201809729 08/08/2025 08/06/2025 Ej.1 02/10/2020 Books